Sports Quiz

Random Sports or Decade Quiz

AFL - Adelaide Crows Players 2000-2009 Quiz Stats

Quiz not verified by Sporcle

Challenge
Share
Tweet
Embed
Score 0/90 Timer 15:00
0 Plays Today
Year Of Debut (In Decade) Player Name % Correct
2000Andrew McLeod
95.3%
2000Tyson Edwards
90.3%
2000Mark Ricciuto
89.2%
2003Ben Rutten
88.3%
2008Kurt Tippett
88%
2009Taylor Walker
87.8%
2005Scott Thompson
87.5%
2000Simon Goodwin
86.7%
2008Patrick Dangerfield
85.9%
2005Nathan Van Berlo
85.5%
2000Ben Hart
84.1%
2002Graham Johncock
83.9%
2000Brett Burton
81.7%
2004Nathan Bock
80.8%
2000Nigel Smart
79.2%
2006Bernie Vince
79.1%
2000Shaun Rehn
77.8%
2000Mark Bickley
77.5%
2000Darren Jarman
76.9%
2004Scott Stevens
75.6%
2000Mark Stevens
74.7%
2003Wayne Carey
73.9%
2000Kane Johnson
73.4%
2006Ivan Maric
72.3%
2009Rory Sloane
71.9%
2002Brent Reilly
69.2%
2000Matthew Clarke
68.9%
2006Jason Porplyzia
68.8%
2000Nathan Bassett
68.6%
2000Scott Welsh
66.7%
Year Of Debut (In Decade) Player Name % Correct
2006Richard Douglas
65.6%
2000Rhett Biglands
64.2%
2000Michael Doughty
63.8%
2000Ian Perrie
63.6%
2005Chris Knights
63.4%
2002Kris Massie
62.7%
2008Andy Otten
62.7%
2000Ken McGregor
60.9%
2009Jared Petrenko
60.9%
2003Trent Hentschel
59.7%
2008David MacKay
59.5%
2009Myke Cook
59.2%
2000Tyson Stenglein
58.8%
2003Ronnie Burns
58.6%
2008Brad Symes
57.5%
2004Ben Hudson
57.3%
2002Marty Mattner
56.7%
2000Robert Shirley
55.8%
2001Matthew Shir
55.3%
2000Brett James
55.2%
2007Jonathon Griffin
54.4%
2001Matthew Bode
54.2%
2000Matthew Robran
53.6%
2000Peter Vardy
52.7%
2009Shaun McKernan
52.7%
2003Jason Torney
52%
2008Brad Moran
51.3%
2000Shane Ellen
50.5%
2009Brodie Martin
49.1%
2008James Sellar
48.9%
Year Of Debut (In Decade) Player Name % Correct
2001James Gallagher
46.3%
2000David Gallagher
45.9%
2007Nick Gill
45.8%
2004Fergus Watts
44.7%
2000Andrew Eccles
44.5%
2008Jarhan Jacky
43.9%
2000Ben Marsh
43.8%
2004Luke Jericho
43.4%
2000Kym Koster
43.1%
2001Hayden Skipworth
41.6%
2000Peter Caven
41.4%
2002Ryan Fitzgerald
41.4%
2000Matthew Connell
41.3%
2000Bryan Beinke
38.6%
2001Chris Ladhams
36.9%
2002Ben Nelson
35.8%
2007John Meesen
35.5%
2000James Thiessen
34.7%
2001Evan Hewitt
34.5%
2007Bryce Campbell
34.2%
2002Daniel Schell
33.8%
2001Adam Richardson
33.4%
2000Ricky O'Loughlin
32%
2000Andrew Crowell
31.6%
2003Jacob Schuback
31.6%
2007John Hinge
31.4%
2003James Begley
30%
2000James Byrne
25.8%
2000Justin Cicolella
24.4%
2001Stuart Bown
21.9%

You're not logged in!

Compare scores with friends on all Sporcle quizzes.
Sign Up with Email
OR
Log In

You Might Also Like...

Show Comments

Extras

Top Quizzes Today


Score Distribution

Your Account Isn't Verified!

In order to create a playlist on Sporcle, you need to verify the email address you used during registration. Go to your Sporcle Settings to finish the process.

Report this User

Report this user for behavior that violates our Community Guidelines.

Details: